ANLATMAYI ÇOK DÜŞÜNDÜM (Record no. 1168087)

MARC details
000 -LEADER
sabit uzunluktaki kontrol alanı 00259nam a2200097Ia 4500
001 - KONTROL NUMARASI
kontrol alanı 1168087
005 - EN SON İŞLEMİN TARİH VE ZAMANI
kontrol alanı 20250827011832.0
008 - SABİT-UZUNLUKTA VERİ ÖĞELERİ--GENEL BİLGİ
sabit uzunluktaki kontrol alanı 250824s9999 xx 000 0 und d
245 #0 - ESER / YAZAR
ESER ADI ANLATMAYI ÇOK DÜŞÜNDÜM
Yazar Adı NEHİR AYDIN GÖKDUMAN
260 ## - YAYIN, DAĞITIM, VB.
YAYIN EVİ TİMAŞ GENÇ
Holdings
Düşüm durumu Kayıp durumu Hasar Durumu Ödünç verilmez Ana kütüphane Geçerli Kütüphane Edinilen tarih Toplam ödünç verme sayısı Barkod Son görüntüleme tarihi Fiyatın geçerli olmaya başladığı tarih Koha materyal türü
        AKINCILAR AHMET HAŞHAŞ İLKOKULU AKINCILAR AHMET HAŞHAŞ İLKOKULU 24.08.2025   10046064 27.08.2025 27.08.2025 Books